Online
Catalog

La revolución dominicana de abril vista por Cuba / (Record no. 29404)

MARC details
000 -CABECERA
campo de control de longitud fija 01880nam a2200361 a 4500
001 - NÚMERO DE CONTROL
campo de control 000029912
003 - IDENTIFICADOR DEL NÚMERO DE CONTROL
campo de control OSt
005 - FECHA Y HORA DE LA ÚLTIMA TRANSACCIÓN
campo de control 20240925173556.0
008 - DATOS DE LONGITUD FIJA--INFORMACIÓN GENERAL
campo de control de longitud fija 110427s1974 dr 000 0 spa d
040 ## - FUENTE DE LA CATALOGACIÓN
Centro catalogador/agencia de origen DO-SdBNP
Lengua de catalogación spa
Centro/agencia transcriptor BNPHU
082 ## - NÚMERO DE LA CLASIFICACIÓN DECIMAL DEWEY
Número de clasificación 972.93054
Número de documento/Ítem R454d, 1974
245 03 - MENCIÓN DE TÍTULO
Título La revolución dominicana de abril vista por Cuba /
Mención de responsabilidad, etc. Antonio Ricardi ... [et al.].
250 ## - MENCIÓN DE EDICIÓN
Mención de edición [2a ed.]
260 ## - PUBLICACIÓN, DISTRIBUCIÓN, ETC.
Lugar de publicación, distribución, etc. Santo Domingo :
Nombre del editor, distribuidor, etc. UASD,
Fecha de publicación, distribución, etc. 1974.
Fabricante Taller
300 ## - DESCRIPCIÓN FÍSICA
Extensión 251 p. ;
Dimensiones 22 cm.
490 1# - MENCIÓN DE SERIE
Mención de serie Publicaciones de la Universidad Autónoma de Santo Domingo
Designación de volumen o secuencia 164
490 1# - MENCIÓN DE SERIE
Mención de serie Historia y sociedad
Designación de volumen o secuencia 10
505 2# - NOTA DE CONTENIDO CON FORMATO
Información miscelánea Presentación /
Mención de responsabilidad Emilio Cordero Michel --
Título La doctrina Johnson --
Mención de responsabilidad Alvarez Tabío, Fernando --
Título Intervención y soberanía /
Mención de responsabilidad Eloy G. Merino Brito --
Título La presente intervención yanqui en la República Dominicana y el derecho internacional /
Mención de responsabilidad Miguel A. D'Estéfano Pisani --
Título La crisis dominicana /
Mención de responsabilidad Luis Gómez-Wangüermert --
Título Breve cronología de las agresiones e intromisiones del imperialismo yanqui en la América Latina /
Mención de responsabilidad Antonio Riccardi --
Información miscelánea Documentos: Discursos /
Mención de responsabilidad Fidel Castro Ruz.
590 ## - NOTA LOCAL (RLIN)
Nota local Inventariado, 2019/MFF
651 #4 - PUNTO DE ACCESO ADICIONAL DE MATERIA--NOMBRE GEOGRÁFICO
Nombre geográfico República Dominicana --
Subdivisión general Historia --
Subdivisión cronológica 1961-
9 (RLIN) 6572
651 #4 - PUNTO DE ACCESO ADICIONAL DE MATERIA--NOMBRE GEOGRÁFICO
Nombre geográfico Estados Unidos
Subdivisión general Relaciones exteriores
Subdivisión geográfica República Dominicana
9 (RLIN) 6309
651 #4 - PUNTO DE ACCESO ADICIONAL DE MATERIA--NOMBRE GEOGRÁFICO
Nombre geográfico República Dominicana
Subdivisión general Relaciones exteriores
Subdivisión geográfica Estados Unidos
9 (RLIN) 6308
700 12 - PUNTO DE ACCESO ADICIONAL--NOMBRE DE PERSONA
Nombre de persona Ricardi, Antonio
9 (RLIN) 56648
700 12 - PUNTO DE ACCESO ADICIONAL--NOMBRE DE PERSONA
Nombre de persona Gómez-Wangüermert, Luis.
9 (RLIN) 56649
700 12 - PUNTO DE ACCESO ADICIONAL--NOMBRE DE PERSONA
Nombre de persona D'Estéfano Pisani, Miguel A.
9 (RLIN) 56650
700 12 - PUNTO DE ACCESO ADICIONAL--NOMBRE DE PERSONA
Nombre de persona Merino Brito, Eloy G.
9 (RLIN) 47475
700 12 - PUNTO DE ACCESO ADICIONAL--NOMBRE DE PERSONA
Nombre de persona Alvarez Tabío, Fernando
9 (RLIN) 56651
710 1# - PUNTO DE ACCESO ADICIONAL--NOMBRE DE ENTIDAD CORPORATIVA
Nombre de entidad corporativa o nombre de jurisdicción como elemento de entrada Universidad Autónoma de Santo Domingo
9 (RLIN) 72951
830 #0 - PUNTO DE ACCESO ADICIONAL DE SERIE-TÍTULO UNIFORME
Título uniforme Publicaciones de la Universidad Autónoma de Santo Domingo, no. 164
Número de parte o sección de la obra 164
9 (RLIN) 56652
830 #0 - PUNTO DE ACCESO ADICIONAL DE SERIE-TÍTULO UNIFORME
Título uniforme Historia y sociedad
Número de parte o sección de la obra 10
9 (RLIN) 56653
910 ## - DATOS DE OPCIÓN DEL USUARIO (OCLC)
Datos de opción del usuario Validado. Control de calidad EMS
942 ## - ELEMENTOS DE PUNTO DE ACCESO ADICIONAL (KOHA)
Fuente del sistema de clasificación o colocación Dewey Decimal Classification
Tipo de ítem Koha Libro
Holdings
Estado de retiro Estado de pérdida Restricciones de uso No para préstamo Código de colección Localización permanente Ubicación/localización actual Ubicación en estantería Fecha de adquisición Número de inventario Total de préstamos Signatura topográfica completa Código de barras Fecha visto por última vez Número de copia Precio válido a partir de Tipo de ítem Koha Fuente del sistema de clasificación o colocación Nota pública
        Dominicana de Servicio General General Depósito 14.06.2011 LF1   972.93054 R454d, 1974 29912-30 25.06.2020 e.3 25.06.2020 Libro y Folleto Colección Dominicana de Servicio    
      Préstamo en sala Dominicana de Servicio Biblioteca Nacional Pedro Henríquez Ureña General Depósito 14.04.2015 LF1   972.93054 R454d, 1974 29912-40 25.06.2020 e.4 25.06.2020 Libro y Folleto Colección Dominicana de Servicio Dewey Decimal Classification Perteneció a la biblioteca personal de Aída Cartagena Portalatín.
      Préstamo en sala Monografías: Libros y Folletos Biblioteca Nacional Pedro Henríquez Ureña General Depósito 26.11.2020     972.93054 R454d, 1974   26.11.2020 e. 5 26.11.2020 Libro Dewey Decimal Classification  
      Excluido de préstamo Patrimonio Dominicano Patrimonio Dominicano Patrimonio Dominicano Depósito 27.04.2011 LF1   972.93054 R454d, 1974 29912-10 25.06.2020   25.06.2020 Libro y Folleto Colección Patrimonio Dominicano   Perteneció a la biblioteca personal de Germán Emilio Ornes.
      Excluido de préstamo Patrimonio Dominicano Patrimonio Dominicano Patrimonio Dominicano Depósito 10.06.2011 LF1   972.93054 R454d, 1974 29912-20 25.06.2020 e.2 25.06.2020 Libro y Folleto Colección Patrimonio Dominicano    

Powered by Koha